LEADER 01954nam 2200577 450 001 9910464305903321 005 20200520144314.0 010 $a80-246-2411-7 035 $a(CKB)3710000000095625 035 $a(EBL)3319621 035 $a(SSID)ssj0001397158 035 $a(PQKBManifestationID)11803174 035 $a(PQKBTitleCode)TC0001397158 035 $a(PQKBWorkID)11415051 035 $a(PQKB)10923351 035 $a(MiAaPQ)EBC3319621 035 $a(Au-PeEL)EBL3319621 035 $a(CaPaEBR)ebr10852852 035 $a(OCoLC)929117389 035 $a(EXLCZ)993710000000095625 100 $a20140410h20132013 uy 0 101 0 $acze 135 $aur|n|---||||| 181 $ctxt 182 $cc 183 $acr 200 10$a"Jeden za vsechny, vsichni za jednoho!" $eBund der Deutschen a jeho pr?edchu?dci v procesu utva?r?eni? "sudetone?mecke? identity" /$fPhDr. Jitka Balcarova?, Ph.D. ; recenzovali, prof. PhDr. Zdene?k Jindra, CSc., doc. PhDr. Jir?i? Sousa, CSc 205 $aVyda?ni? prvni?. 210 1$aPrague, [Czech Republic] :$cKarolinum,$d2013. 210 4$dİ2013 215 $a1 online resource (471 p.) 300 $aDescription based upon print version of record. 311 $a80-246-2234-3 606 $aGermans$zCzech Republic$zSudetenland$xPolitics and government 606 $aNationalism$zGermany$xHistory 607 $aCzechoslovakia$xForeign relations$zGermany 607 $aGermany$xForeign relations$zCzechoslovakia 608 $aElectronic books. 615 0$aGermans$xPolitics and government. 615 0$aNationalism$xHistory. 676 $a943.71 700 $aBalcarova?$b Jitka$0993405 702 $aZdene?k Jindra 702 $aS?ous?a$b Jir?i? 801 0$bMiAaPQ 801 1$bMiAaPQ 801 2$bMiAaPQ 906 $aBOOK 912 $a9910464305903321 996 $a"Jeden za vsechny, vsichni za jednoho!"$92274615 997 $aUNINA LEADER 01412nam2-2200445---450- 001 990001137630203316 005 20060221091156.0 010 $a88-420-6698-2 035 $a000113763 035 $aUSA01000113763 035 $a(ALEPH)000113763USA01 035 $a000113763 100 $a20030326d2002----km-y0enga50------ba 101 0 $aita 102 $aIT 105 $aaf||z|||001yy 200 1 $aVercingetorige$fGiuseppe Zecchini 210 $aRoma [etc.]$cLaterza$d2002 215 $aV, 127 p.$d24 cm 225 2 $aBiblioteca essenziale Laterza$iStoria antica$v50 410 0$12001$aBiblioteca essenziale Laterza 600 1$aVercingetorige 676 $a936.402 700 1$aZECCHINI,$bGiuseppe$f<1952- >$0173880 801 0$aIT$bsalbc$cISBD$gISBD 912 $a990001137630203316 951 $aIX.4. Coll.1/ 7(X C Coll. 41 50)$b168268 L.M.$cX C$d00086300 959 $aBK 969 $aUMA 979 $aMARIA$b10$c20030326$lUSA01$h1222 979 $aPAOLA$b90$c20030918$lUSA01$h1211 979 $aPAOLA$b90$c20030918$lUSA01$h1213 979 $aPAOLA$b90$c20030918$lUSA01$h1219 979 $aPAOLA$b90$c20030918$lUSA01$h1221 979 $aALESSANDRA$b90$c20031002$lUSA01$h0959 979 $aPATRY$b90$c20040406$lUSA01$h1719 979 $aCOPAT5$b90$c20060221$lUSA01$h0911 979 $aANNAMARIA$b90$c20100920$lUSA01$h1247 996 $aVercingetorige$9980423 997 $aUNISA